01120 a2200193 45000010006000000050017000060080041000230030015000640400040000790800104001192450042002232640028002653000019002935050538003120410008008501000021008587000020008797000027008995455820260407155819.0260407a1970 arg spa dAR-UNSa-BCEJYS aAR-UNSa-BCEJYSbspacAR-UNSa-BCEJYS a330.1xCiencia económica. Conceptos fundamentales de teoría económica. Valor. Capital. Fondos10aCompendio de economía contemporanea 1aMadrid :bAguilarc1970 a533 p.c22 cm. a1. Valor y distribución - 2. La teoría del empleo y los ciclos económicos - 3. El monopolio y la concentración del poder económico - 4. Política de precios y de producción - 5. Presupuesto federal y política fiscal - 6. Teoría del comercio internacional - 7. Teoría económica del trabajo - 8. Desarrollo y empleo de los datos de la renta nacional - 9. Teoría monetaria - 10. Análisis del proceso dinámico - 11. Econometría - 12. Teoría económica del socialismo - 13. Las perspectivas del capitalismo aspa1 aEllis, Howard S.1 aVillar, Huberto1 aAlvarez Buylla, Adolfo